MARC details
| 000 -LEADER |
| fixed length control field |
01547nam a2200373 a 4500 |
| 001 - CONTROL NUMBER |
| control field |
vtls001988933 |
| 003 - CONTROL NUMBER IDENTIFIER |
| control field |
NLI |
| 005 - DATE AND TIME OF LATEST TRANSACTION |
| control field |
20210630141027.0 |
| 008 - FIXED-LENGTH DATA ELEMENTS--GENERAL INFORMATION |
| fixed length control field |
180403 2005 sz 000 0 eng d |
| 022 ## - INTERNATIONAL STANDARD SERIAL NUMBER |
| International Standard Serial Number |
1020-816X |
| 039 #9 - LEVEL OF BIBLIOGRAPHIC CONTROL AND CODING DETAIL [OBSOLETE] |
| Level of rules in bibliographic description |
201804031420 |
| Level of effort used to assign nonsubject heading access points |
subratam |
| -- |
201804031419 |
| -- |
subratam |
| 040 ## - CATALOGING SOURCE |
| Original cataloging agency |
NLI |
| Language of cataloging |
eng |
| Description conventions |
AACR2 |
| 041 #0 - LANGUAGE CODE |
| Language code of text/sound track or separate title |
eng |
| 044 ## - COUNTRY OF PUBLISHING/PRODUCING ENTITY CODE |
| MARC country code |
sz |
| 082 04 - DEWEY DECIMAL CLASSIFICATION NUMBER |
| Classification number |
338.9 |
| Edition number |
23 |
| 245 04 - TITLE STATEMENT |
| Title |
The search for policy autonomy in the South |
| Remainder of title |
: universalism, social learning, and the role of regionalism / |
| Statement of responsibility, etc. |
Norman Girvan |
| 260 ## - PUBLICATION, DISTRIBUTION, ETC. |
| Place of publication, distribution, etc. |
Geneva : |
| Name of publisher, distributor, etc. |
United Nations Research Institute for Social Development, |
| Date of publication, distribution, etc. |
[2005]: |
| 300 ## - PHYSICAL DESCRIPTION |
| Extent |
v, 15 p. ; |
| Dimensions |
30 cm. |
| 440 #0 - SERIES STATEMENT/ADDED ENTRY--TITLE |
| Title |
UNRISD overarching concerns paper ; |
| Volume/sequential designation |
no. 9 |
| 9 (RLIN) |
1236362 |
| 500 ## - GENERAL NOTE |
| General note |
Summary in English, French, and Spanish. |
| 504 ## - BIBLIOGRAPHY, ETC. NOTE |
| Bibliography, etc. note |
Includes bibliographical references (p. 12-13). |
| 650 #0 - SUBJECT ADDED ENTRY--TOPICAL TERM |
| Topical term or geographic name entry element |
Economic assistance |
| Geographic subdivision |
Developing countries. |
| 9 (RLIN) |
699430 |
| 650 #0 - SUBJECT ADDED ENTRY--TOPICAL TERM |
| Topical term or geographic name entry element |
Economic assistance |
| Geographic subdivision |
Developing countries. |
| 9 (RLIN) |
699430 |
| 651 #0 - SUBJECT ADDED ENTRY--GEOGRAPHIC NAME |
| Geographic name |
eveloped countries |
| General subdivision |
Foreign economic relations |
| Geographic subdivision |
Developing countries. |
| 9 (RLIN) |
1331417 |
| 710 2# - ADDED ENTRY--CORPORATE NAME |
| Corporate name or jurisdiction name as entry element |
United Nations Research Institute for Social Development. |
| 9 (RLIN) |
744114 |
| 887 ## - NON-MARC INFORMATION FIELD |
| Content of non-MARC field |
Subratam |
| 901 ## - LOCAL DATA ELEMENT A, LDA (RLIN) |
| a |
UN-33434 |
| b |
dt. 3.2.2006 |
| 902 ## - LOCAL DATA ELEMENT B, LDB (RLIN) |
| a |
UN 338.9 |
| b |
Se 17 (Pap.9) |
| 904 ## - LOCAL DATA ELEMENT D, LDD (RLIN) |
| a |
Subratam |
| b |
dt. 03.04.2018 |
| 949 ## - LOCAL PROCESSING INFORMATION (OCLC) |
| -- |
VIRTUAITEM |
| -- |
10002 |
| -- |
100 |
| 6 |
UNX000033434ENG |
| 9 |
(Pap.9) |
| e |
UN-33434 |
| 942 ## - ADDED ENTRY ELEMENTS (KOHA) |
| Source of classification or shelving scheme |
Dewey Decimal Classification |
| Koha item type |
Books |